Gemeinden im Landkreis Göppingen - Statistiken

Allgemein
  • Dieses Quiz wurde 214 mal gespielt
  • Das Durchschnittsergebnis liegt bei 22 aus 38
Antwortstatistiken
% Korrekt
Eislingen/Fils (
96%
Göppingen
93%
Geislingen an der Steige
87%
Süßen
87%
Gingen an der Fils
84%
Salach
84%
Uhingen
83%
Kuchen
82%
Ebersbach an der Fils
80%
Bad Boll
70%
Donzdorf
65%
Heiningen
65%
Rechberghausen
65%
Zell unter Aichelberg
59%
Albershausen
58%
Schlat
58%
Adelberg
54%
Wäschenbeuren
54%
Aichelberg
53%
Bad Ditzenbach
53%
Deggingen
51%
Ottenbach
51%
Schlierbach
51%
Hattenhofen
49%
Wiesensteig
49%
Böhmenkirch
47%
Wangen
45%
Eschenbach
43%
Bad Überkingen
41%
Birenbach
41%
Dürnau
41%
Gruibingen
41%
Drackenstein
37%
Lauterstein
37%
Gammelshausen
35%
Börtlingen
34%
Mühlhausen im Täle
30%
Hohenstadt
29%
Keine übereinstimmenden Quizze gefunden
Verteilung der Resultate
Anzahl Personen mit jedem Resultat
Perzentil nach korrekt beantworteten Fragen
Ihre Resultats-Entwicklung
Sie haben dieses Quiz noch nicht gespielt